Statistics for NFL OLD LOGOS QUIZ

Click here to take the quiz!

General Stats

  • This quiz has been taken 368 times
  • The average score is 13 of 22

Answer Stats

Answer% Correct
Pittsburgh Steelers
83%
Indianapolis Colts
79%
Jacksonville Jaguars
77%
Los Angeles Rams
77%
Atlanta Falcons
73%
Baltimore Ravens
71%
Tennessee Titans
69%
Detroit Lions
67%
Philadelphia Eagles
64%
Buffalo Bills
61%
Tampa Bay Buccaneers
61%
Denver Broncos
59%
Cincinnati Bengals
55%
Washington Commanders
53%
Cleveland Browns
50%
Green Bay Packers
47%
New York Giants
47%
San Francisco 49ers
47%
Arizona Cardinals
39%
New England Patriots
26%
Chicago Bears
24%
Kansas City Chiefs
22%

Score Distribution

Percentile by Number Answered

Percent of People with Each Score

Your Score History

You have not taken this quiz